000 003870000a22001570004500
020 _a968-16-1211-6
041 0 _aSPA
082 0 4 _aG 922.2 P3481s
100 1 _aPaz, Octavio (1914-)
245 1 0 _aSor Juana Inés de la Cruz : O las trampas de la fe / Octvio Paz
250 _a2
260 _aMéxico : Fondo de Cultura Económica
300 _a658 Pag
001 11493
942 _cBK
999 _c40777
_d40777